| 000 | 00981nam a22002415a 4500 | ||
|---|---|---|---|
| 003 | OSt | ||
| 005 | 20170314151444.0 | ||
| 008 | 170313s2009 ua frb 000 0 ara d | ||
| 015 | _a99 / 18124 | ||
| 020 | _a9770428558 | ||
| 040 |
_aEG-ScBUE _bara _cEG-ScBUE |
||
| 082 | 0 | 4 |
_a341.45 _bع ا م _222 |
| 100 | 1 | _aعامر، صلاح الدين. | |
| 245 | 1 | 2 |
_aالقانون الدولي للبحار : _bدراسة لأهم أحكام اتفاقية الأمم المتحدة لقانون البحار لعام 1982 / _cصلاح الدين عامر. |
| 250 | _aط. 2.، مصورة. | ||
| 260 |
_aالقاهرة : _bدار النهضة العربية، _c2009. |
||
| 300 |
_a625 ص. ؛ _c24 سم. |
||
| 504 | _aيشتمل على إرجاعات ببليوجرافية. | ||
| 630 | 8 |
_2BUEsh _a اتفاقية الأمم المتحدة لقانون البحار. _d(1982) |
|
| 650 | 7 |
_aالقانون الدولي البحري. _2BUEsh |
|
| 653 |
_bLLAAWW _cMarch2017 |
||
| 942 | _2ddc | ||
| 999 |
_c24427 _d24399 |
||